10 to 1: Product Brands V Quiz Stats

 Plays Quiz Updated Feb 25, 2018

Score 0/55 Timer 06:00
14 Plays Today
% Correct
Black & Decker
93.2%
Hallmark
84.3%
Tiffany
84%
DeWalt
83.5%
Bitcoin
83%
Nature Valley
82%
Bounty
80.5%
Stanley
78.7%
Cartier
76.7%
Brawny
76.1%
Callaway
75.1%
Titleist
74.4%
Schick
73.7%
Quaker
73%
Zales
72.8%
Wilson
72.1%
Barclays
71.3%
De Beers
71.3%
Stihl
70.2%
Hitachi
70.2%
Scott
70.2%
HSBC
70%
BIC
69.2%
Chicago Electric
68.7%
Clif
67.9%
Ryobi
67.2%
TaylorMade
66.5%
Ping
61.6%
% Correct
Sparkle
61.5%
Gatorade
60.7%
Better than Coffee
60.1%
Bulgari
59.7%
Viva
57.6%
Husky
57.1%
Kind
52.9%
Mizuno
51.7%
Sterling
51.2%
Ridgid
50%
Cobra
48.4%
Bridgestone
45%
JibJab
43.9%
Zone Perfect
40.2%
Blue Mountain
39.3%
Hilti
39.2%
Ally
37.7%
Georgia-Pacific
31%
Glenmuir
27.3%
Ethereum
25.3%
Bobbi Boss
23.9%
Reeds
22.6%
VIVOO
21.9%
Moo
21.6%
Dorco
18.3%
Feather
17.2%
Galison
13.5%

You're not logged in!

Compare scores with friends on all Sporcle quizzes.
OR
Log In

You Might Also Like...

Show Comments

Extras

Top Quizzes Today


Score Distribution

Your Account Isn't Verified!

In order to create a playlist on Sporcle, you need to verify the email address you used during registration. Go to your Sporcle Settings to finish the process.

Report this User

Report this user for behavior that violates our Community Guidelines.

Details: